000 00340nam a22001451a 4500
999 _c160640
_d160640
020 _a9788170814092
082 _aS 181.45
_bVAL/Y
100 _aValmiki
245 _aThe yogavasistha of Valmiki (v.3)/
_cby Valmiki.
260 _aDelhi:
_bNag,
_c1998.
300 _a629p.
650 _aIndian philosophy
650 _aYoga
942 _cREF